| 000 | 00794nas a2200289 4500 | ||
|---|---|---|---|
| 001 | BR2013009256 | ||
| 003 | BR-BrBNA | ||
| 005 | 20231205123238.0 | ||
| 007 | ta | ||
| 008 | 230509b bl.|||p| |||| 00| 00por d | ||
| 040 |
_aBR-BrBNA _bpor _cBiblioteca Nacional de Agricultura |
||
| 041 | _a(Pt) | ||
| 072 | _aL01; L73 | ||
| 100 | 1 | _aAerts, C. | |
| 100 | 1 | _aGorczak, R. | |
| 100 | 1 | _aSantos, E.O. | |
| 100 | 1 | _aPianta, C. | |
| 245 | 1 | _aDermatofilose em camelo (Camelus bactrianus) | |
| 650 | _aCAMELO | ||
| 650 | _aINFECÇÃO | ||
| 650 | _aDIAGNÓSTICO | ||
| 650 | _aDERMATITE | ||
| 650 | _aPELE | ||
| 773 | 0 |
_tA Hora Veterinária (Brazil) _xISSN 0101-9163 _g(Jan-Feb 2013), v. 32(191) p. 44-46 _wBR2013009256 |
|
| 909 |
_a202311 _bLúcia _c55 _dLúcia Elande |
||
| 942 |
_2AGRIS _n0 _cANA |
||
| 999 |
_c232903 _d232903 |
||